Continuing military power in Guatemala /

Shranjeno v:
Bibliografske podrobnosti
Glavni avtor: Garst, Rachel
Format: Texto
Teme:
Oznake: Označite
Brez oznak, prvi označite!

MARC

LEADER 00000 a a2200000 04500
001 9922
003
040
100 |a Garst, Rachel  
245 |a Continuing military power in Guatemala /  |c Rachel Garst 
650 |a MILITARISMO  
650 |a GOBIERNO  
650 |a VIOLENCIA  
650 |a IGLESIA  
650 |a DELITOS  
650 |a TRANSGRESORES  
650 |a GUERRA  
650 |a PARTIDOS POLITICOS  
773 |g volumen 32, número 3; páginas 20-21  
999 |c 34154  |d 34154